000 00285nam a2200121 a 4500
008 101021s1977|||| d
100 1 _aKunecká a Maštakovová
245 1 0 _aNadežda Krupská
260 _bObzor
_aBratislava
_c1977
041 _aslo
020 _c27
044 _axo
_cSK
999 _c11926
_d11926